000 01644cam a22004694i 4500
003 PE-LiUPU
005 20250731184607.0
008 150616s r 000 0 d
020 _a8489358427
035 _a(Sirsi) i9788489358423
040 _aPE-LiUPU
_bspa
_cPE-LiUPU
_erda
049 _aPRUA
082 0 4 _a985.001
_bC95
_221
100 1 _aCuratola Petrocchi, Marco,
_eautor.
245 1 0 _aHistoria y Cultura del Perú /
_cMarco Curatola Petrocchi.
264 1 _aLima :
_bTalleres Gráficos de la Universidad de Lima,
_c1994.
300 _a447 páginas ;
_c25 centímetros
336 _atext
_2rdacontent
337 _aunmediated
_2rdamedia
338 _avolume
_2rdacarrier
505 0 _aEl Perú: su geografía y su medio ambiente.- Los Incas y el Cuzco.- El virreinato.- La música en el Perú.- La historia y el futuro del Perú.
526 _aP136
526 _aP135
526 _aP134
526 _aP133
526 _aP144
526 _aP143
526 _aP87
526 _aP35
526 _aP20
526 _aP14
526 _aP10
526 _aP06
651 _aPerú
_xCultura.
910 _ajck
_bjvq
_cjck
942 _2ddc
_cBOOK
949 _a985.001 C95
_wDEWEY
_c1
_i41362
_d2016-5-18
_e2016-5-15
_lCCODEBUL1
_mBUL
_n2
_r0
_sY
_tBOOK
_u2015-6-16
_xEDUCACION
_PP20
_0COMPRA
_o.STAFF. Colección General
994 _aC0
_bPEPRU
596 _a1
999 _a985.001 C95
_wDEWEY
_c59133
_i41362
_d59133
_e2016-5-15
_f2021-11-8
_g5
_lCCODEBUL1
_mBUL
_n2
_q2
_r0
_sY
_tBOOK
_u2015-6-16
_xBIBLIOTECA
_PP20
_0COMPRA
_o.STAFF. Colección General
980 _81
_gALBERTO SANCHEZ Responsable de Automatización